[Event "LSS SA-2021-0-00764"]
[Site "LSS email"]
[Date "2021.07.14"]
[Round "?"]
[White "Johnson, Heinrich"]
[Black "Csernus, Robert"]
[Result "1/2-1/2"]
[WhiteElo "2189"]
[BlackElo "2040"]
[PlyCount "59"]
[EventDate "2021.06.16"]
[EventType "tourn (corr)"]
[EventRounds "6"]
[EventCountry "GER"]
[SourceTitle "Corr 2024"]
[Source "ChessBase"]
[SourceDate "2023.10.19"]
[SourceVersion "1"]
[SourceVersionDate "2023.10.19"]
[SourceQuality "1"]

1. e4 e5 2. Nf3 Nf6 3. Nxe5 d6 4. Nf3 Nxe4 5. d4 d5 6. Bd3 Nc6 7. 0-0 Be7 8. Nbd2 Nxd2 9. Bxd2 Bg4 10. c3 0-0 11. h3 Bh5 12. g3 Qd7 13. Kg2 Bg6 14. Bf4 Be4 15. Re1 f5 16. Kh2 Bd6 17. Ne5 Bxe5 18. dxe5 Qe7 19. Bb5 g5 20. Bxc6 bxc6 21. Bd2 g4 22. Bf4 Qe6 23. Qd4 a5 24. a4 Ra6 25. Re2 Qe7 26. b4 Rb8 27. Bd2 h5 28. h4 c5 29. bxc5 Rc6 30. Be3 1/2-1/2

[Event "LSS SA-2021-0-00764"]
[Site "LSS email"]
[Date "2021.07.13"]
[Round "?"]
[White "Cleto Junior, Dirceu"]
[Black "Johnson, Heinrich"]
[Result "1/2-1/2"]
[WhiteElo "2056"]
[BlackElo "2189"]
[PlyCount "57"]
[EventDate "2021.06.16"]
[EventType "tourn (corr)"]
[EventRounds "6"]
[EventCountry "GER"]
[SourceTitle "Corr 2024"]
[Source "ChessBase"]
[SourceDate "2023.10.19"]
[SourceVersion "1"]
[SourceVersionDate "2023.10.19"]
[SourceQuality "1"]

1. b3 e5 2. Bb2 Nc6 3. e3 Nf6 4. Nf3 e4 5. Nd4 d5 6. Nxc6 bxc6 7. c4 Bd6 8. cxd5 cxd5 9. Bb5+ Bd7 10. Bxf6 Qxf6 11. Bxd7+ Kxd7 12. Nc3 c6 13. Rc1 Rac8 14. 0-0 Qe5 15. g3 h5 16. f3 f5 17. fxe4 dxe4 18. Rf2 g6 19. Ne2 h4 20. g4 Kc7 21. Nd4 Kb7 22. Qe2 Rhf8 23. gxf5 gxf5 24. Qc4 f4 25. Nxc6 Qf5 26. exf4 Ba3 27. Rg2 Ka8 28. Rg7 Rc7 29. Rxc7 1/2-1/2

[Event "LSS SA-2021-0-00764"]
[Site "LSS email"]
[Date "2021.07.13"]
[Round "?"]
[White "Johnson, Heinrich"]
[Black "Avellan, Gerardo"]
[Result "1/2-1/2"]
[WhiteElo "2189"]
[BlackElo "2033"]
[PlyCount "36"]
[EventDate "2021.06.16"]
[EventType "tourn (corr)"]
[EventRounds "6"]
[EventCountry "GER"]
[SourceTitle "Corr 2024"]
[Source "ChessBase"]
[SourceDate "2023.10.19"]
[SourceVersion "1"]
[SourceVersionDate "2023.10.19"]
[SourceQuality "1"]

1. e4 e5 2. Nf3 Nc6 3. Bb5 Nf6 4. d3 Bc5 5. 0-0 Nd4 6. Be3 Nxf3+ 7. Qxf3 Bxe3 8. Qxe3 c6 9. Bc4 d6 10. Bb3 Qb6 11. Qd2 h6 12. a4 a5 13. Na3 0-0 14. Nc4 Qd8 15. f4 Be6 16. h3 Bxc4 17. Bxc4 Re8 18. c3 Re7 1/2-1/2

[Event "LSS SA-2021-0-00764"]
[Site "LSS email"]
[Date "2021.07.13"]
[Round "?"]
[White "Pilgram, Kurt"]
[Black "Johnson, Heinrich"]
[Result "1/2-1/2"]
[WhiteElo "2183"]
[BlackElo "2189"]
[PlyCount "56"]
[EventDate "2021.06.16"]
[EventType "tourn (corr)"]
[EventRounds "6"]
[EventCountry "GER"]
[SourceTitle "Corr 2024"]
[Source "ChessBase"]
[SourceDate "2023.10.19"]
[SourceVersion "1"]
[SourceVersionDate "2023.10.19"]
[SourceQuality "1"]

1. e4 c5 2. Nf3 d6 3. d4 cxd4 4. Nxd4 Nf6 5. Nc3 a6 6. Be3 e5 7. Nb3 Be6 8. f3 h5 9. Be2 Nbd7 10. f4 Ng4 11. Bxg4 Qh4+ 12. Bf2 Qxg4 13. f5 Qxd1+ 14. Rxd1 Bxb3 15. cxb3 Rc8 16. 0-0 Be7 17. Nd5 Bg5 18. Rd3 Rc2 19. Rc3 Rxc3 20. bxc3 Nf6 21. Nxf6+ Bxf6 22. c4 Kd7 23. Rd1 Be7 24. Kf1 b5 25. c5 a5 26. Ke2 Kc6 27. cxd6 Bxd6 28. Rc1+ Kd7 1/2-1/2

[Event "CP-2018-Q-00011"]
[Site "LSS email"]
[Date "2018.11.28"]
[Round "?"]
[White "Johnson, Heinrich"]
[Black "Cardoso, Sergio"]
[Result "1/2-1/2"]
[WhiteElo "2211"]
[BlackElo "2222"]
[PlyCount "73"]
[EventDate "2018.12.01"]
[EventType "tourn (corr)"]
[EventRounds "6"]
[EventCountry "GER"]
[SourceTitle "Corr 2022"]
[Source "ChessBase"]
[SourceDate "2021.10.24"]
[SourceVersion "1"]
[SourceVersionDate "2021.10.24"]
[SourceQuality "1"]

1. d4 d5 2. Nf3 Nf6 3. e3 e6 4. Bd3 b6 5. 0-0 Bd6 6. Nbd2 Bb7 7. b3 0-0 8. Bb2 a5 9. c4 Ne4 10. Qc2 f5 11. cxd5 exd5 12. Ne5 Qe8 13. f4 Nc6 14. a3 Ne7 15. Rac1 h6 16. a4 Qc8 17. Bb5 Nf6 18. Rfd1 Ba6 19. Bxa6 Qxa6 20. Nf1 Kh7 21. Ng3 Qc8 22. Qe2 Qe6 23. Qd3 Rac8 24. Rc2 Ne4 25. Rdc1 c5 26. Ne2 Bxe5 27. fxe5 Rc6 28. Nf4 Qd7 29. Qb5 Rfc8 30. Qe2 Ng6 31. Nh5 Qe7 32. Qf3 Qg5 33. Ng3 Rf8 34. Kh1 Re6 35. Rd1 Qd8 36. Qh5 Qd7 37. Qe2 1/2-1/2

[Event "CP-2018-Q-00011"]
[Site "LSS email"]
[Date "2018.11.28"]
[Round "?"]
[White "Johnson, Heinrich"]
[Black "Castle, John"]
[Result "1/2-1/2"]
[WhiteElo "2211"]
[BlackElo "2225"]
[PlyCount "57"]
[EventDate "2018.12.01"]
[EventType "tourn (corr)"]
[EventRounds "6"]
[EventCountry "GER"]
[SourceTitle "Corr 2022"]
[Source "ChessBase"]
[SourceDate "2021.10.24"]
[SourceVersion "1"]
[SourceVersionDate "2021.10.24"]
[SourceQuality "1"]

1. e4 c5 2. Nf3 d6 3. d4 cxd4 4. Nxd4 Nf6 5. Nc3 a6 6. Be2 e5 7. Nb3 Be7 8. 0-0 0-0 9. Be3 Be6 10. Qd3 Nc6 11. a3 d5 12. exd5 Nxd5 13. Nxd5 Qxd5 14. Rad1 Qxd3 15. Bxd3 Rac8 16. Nc5 Bxc5 17. Bxc5 Rfd8 18. Rfe1 g6 19. b4 Kg7 20. f3 f6 21. Kf2 Rd7 22. g3 Kf7 23. f4 h5 24. Be4 Rcd8 25. Rxd7+ Rxd7 26. c3 Bf5 27. Bf3 Rd2+ 28. Re2 Rd3 29. Re3 1/2-1/2

[Event "CP-2018-P-00024"]
[Site "LSS email"]
[Date "2018.09.27"]
[Round "?"]
[White "Johnson, Heinrich"]
[Black "Suwara, Kazimierz"]
[Result "1-0"]
[WhiteElo "2206"]
[BlackElo "1731"]
[PlyCount "102"]
[EventDate "2018.10.01"]
[EventType "tourn (corr)"]
[EventRounds "6"]
[EventCountry "GER"]
[SourceTitle "Corr 2022"]
[Source "ChessBase"]
[SourceDate "2021.10.24"]
[SourceVersion "1"]
[SourceVersionDate "2021.10.24"]
[SourceQuality "1"]

1. e4 c6 2. d4 d5 3. e5 Bf5 4. Be3 e6 5. Nd2 Qb6 6. Nb3 Ne7 7. a4 a5 8. Ne2 Nd7 9. Nf4 h6 10. h3 g5 11. Nh5 Be4 12. Bd2 Bg6 13. Bc3 Nf5 14. Bd3 Bb4 15. 0-0 0-0-0 16. Rb1 Rhe8 17. Nf6 Nxf6 18. exf6 Rg8 19. Bxb4 Qxb4 20. c3 Qb6 21. Nc5 Nd6 22. b4 Qa7 23. Bxg6 Rxg6 24. bxa5 Qxa5 25. Qb3 Rd7 26. Nxd7 Kxd7 27. Rb2 Rxf6 28. Rfb1 h5 29. Qa3 Qc7 30. a5 Nb5 31. Rxb5 cxb5 32. Rxb5 Ke8 33. Qb4 Qf4 34. Qb2 Kf8 35. Rxb7 Kg7 36. a6 g4 37. a7 g3 38. a8Q gxf2+ 39. Kf1 Qh2 40. Qxf2 Rxf2+ 41. Kxf2 Qf4+ 42. Ke2 Qe4+ 43. Kd2 Qxg2+ 44. Kc1 Qxh3 45. Kb2 Qg2+ 46. Ka3 Qf1 47. Ka2 Qc4+ 48. Rb3 Qe2+ 49. Ka3 Qf1 50. Qc8 h4 51. Rb2 h3 1-0

[Event "CP-2018-P-00024"]
[Site "LSS email"]
[Date "2018.09.27"]
[Round "?"]
[White "Rheinstaedtler, Klaus"]
[Black "Johnson, Heinrich"]
[Result "1/2-1/2"]
[WhiteElo "2209"]
[BlackElo "2206"]
[PlyCount "54"]
[EventDate "2018.10.01"]
[EventType "tourn (corr)"]
[EventRounds "6"]
[EventCountry "GER"]
[SourceTitle "Corr 2022"]
[Source "ChessBase"]
[SourceDate "2021.10.24"]
[SourceVersion "1"]
[SourceVersionDate "2021.10.24"]
[SourceQuality "1"]

1. e4 c5 2. Nf3 d6 3. d4 cxd4 4. Nxd4 Nf6 5. Nc3 a6 6. h3 e5 7. Nde2 h5 8. g3 Nbd7 9. a4 b6 10. Nd5 Nxd5 11. Qxd5 Rb8 12. Nc3 Bb7 13. Qd1 Rc8 14. Bg2 h4 15. Be3 Be7 16. g4 Nc5 17. 0-0 0-0 18. Qd2 Ne6 19. Rfd1 Re8 20. f3 Rc6 21. Nd5 Bg5 22. Qf2 Bxe3 23. Nxe3 Nf4 24. Rd2 g6 25. Nd5 Nxd5 26. Rxd5 Qf6 27. Rad1 g5 1/2-1/2

[Event "SA-2018-0-00639"]
[Site "LSS email"]
[Date "2018.07.13"]
[Round "?"]
[White "Corti, Horacio"]
[Black "Johnson, Heinrich"]
[Result "0-1"]
[WhiteElo "2302"]
[BlackElo "2198"]
[PlyCount "36"]
[EventDate "2018.06.16"]
[EventType "tourn (corr)"]
[EventRounds "6"]
[EventCountry "GER"]
[SourceTitle "Corr 2022"]
[Source "ChessBase"]
[SourceDate "2021.10.24"]
[SourceVersion "1"]
[SourceVersionDate "2021.10.24"]
[SourceQuality "1"]

1. e4 c5 2. Nf3 d6 3. d4 cxd4 4. Nxd4 Nf6 5. Nc3 a6 6. g3 e5 7. Nde2 Nbd7 8. Bg2 Be7 9. a4 b6 10. Nd5 Nxd5 11. Qxd5 Rb8 12. Nc3 0-0 13. Qd3 Bb7 14. 0-0 h6 15. h4 Rc8 16. Be3 Nf6 17. Rfc1 Qc7 18. b3 Qxc3 0-1

[Event "SA-2018-0-00639"]
[Site "LSS email"]
[Date "2018.07.13"]
[Round "?"]
[White "Johnson, Heinrich"]
[Black "Steinke, Ruediger"]
[Result "1/2-1/2"]
[WhiteElo "2198"]
[BlackElo "2338"]
[PlyCount "38"]
[EventDate "2018.06.16"]
[EventType "tourn (corr)"]
[EventRounds "6"]
[EventCountry "GER"]
[SourceTitle "Corr 2022"]
[Source "ChessBase"]
[SourceDate "2021.10.24"]
[SourceVersion "1"]
[SourceVersionDate "2021.10.24"]
[SourceQuality "1"]

1. e4 e5 2. Nf3 Nc6 3. Bb5 a6 4. Ba4 Nf6 5. 0-0 Be7 6. Qe2 b5 7. Bb3 0-0 8. c3 d5 9. d3 Be6 10. Rd1 Re8 11. Nbd2 h6 12. Nf1 Bd6 13. Bd2 Ne7 14. exd5 Nexd5 15. Re1 c5 16. Ng3 Rc8 17. Rad1 c4 18. dxc4 bxc4 19. Bc2 Qb6 1/2-1/2

[Event "SA-2018-0-00639"]
[Site "LSS email"]
[Date "2018.07.13"]
[Round "?"]
[White "Johnson, Heinrich"]
[Black "Susla, Vitaliy"]
[Result "1/2-1/2"]
[WhiteElo "2198"]
[BlackElo "2331"]
[PlyCount "56"]
[EventDate "2018.06.16"]
[EventType "tourn (corr)"]
[EventRounds "6"]
[EventCountry "GER"]
[SourceTitle "Corr 2022"]
[Source "ChessBase"]
[SourceDate "2021.10.24"]
[SourceVersion "1"]
[SourceVersionDate "2021.10.24"]
[SourceQuality "1"]

1. e4 c5 2. Nf3 d6 3. d4 cxd4 4. Nxd4 Nf6 5. Nc3 a6 6. g3 e5 7. Nde2 b5 8. Nd5 Nbd7 9. Nec3 Be7 10. Bg2 Nb6 11. Nxe7 Qxe7 12. Bg5 b4 13. Bxf6 Qxf6 14. Nd5 Nxd5 15. Qxd5 Rb8 16. 0-0 0-0 17. b3 h6 18. Rfc1 Qd8 19. c3 Be6 20. Qd2 Qb6 21. cxb4 Qxb4 22. Qxb4 Rxb4 23. Rc6 a5 24. Rxd6 a4 25. bxa4 Rxa4 26. a3 g5 27. Rd3 Rfa8 28. Rc3 R8a5 1/2-1/2

[Event "WC-2018-P-00009"]
[Site "LSS email"]
[Date "2018.01.22"]
[Round "?"]
[White "Johnson, Heinrich"]
[Black "Herzog, Klaus"]
[Result "1-0"]
[WhiteElo "2213"]
[BlackElo "1891"]
[PlyCount "87"]
[EventDate "2018.02.01"]
[EventType "tourn (corr)"]
[EventRounds "12"]
[EventCountry "GER"]
[SourceTitle "Corr 2022"]
[Source "ChessBase"]
[SourceDate "2021.10.24"]
[SourceVersion "1"]
[SourceVersionDate "2021.10.24"]
[SourceQuality "1"]

1. e4 e5 2. Nf3 Nc6 3. Bb5 a6 4. Ba4 Nf6 5. 0-0 b5 6. Bb3 Be7 7. Re1 0-0 8. c3 d5 9. exd5 Nxd5 10. Nxe5 Nxe5 11. Rxe5 c6 12. d4 Bd6 13. Re1 Qh4 14. g3 Qh3 15. Be3 Bg4 16. Qd3 Rae8 17. Nd2 Qh5 18. a4 Re6 19. axb5 axb5 20. Nf1 Bf5 21. Qd2 Bh3 22. Bd1 Qg6 23. Bf3 Qf5 24. Qd1 Rfe8 25. Bg2 Bxg2 26. Kxg2 Qg6 27. Qb1 f5 28. Bd2 Rxe1 29. Bxe1 Qf7 30. Qd3 f4 31. b3 Ne7 32. Nd2 h5 33. Ne4 Bc7 34. Bd2 fxg3 35. hxg3 Qxb3 36. Ra7 Bb8 37. Rd7 Qe6 38. Nc5 Qg4 39. Qe3 Kf8 40. Qg5 Qxg5 41. Bxg5 Nf5 42. Nb7 Rc8 43. Kf3 Ke8 44. Nc5 1-0

[Event "WC-2018-P-00009"]
[Site "LSS email"]
[Date "2018.01.22"]
[Round "?"]
[White "Sirotkin, Evgenji"]
[Black "Johnson, Heinrich"]
[Result "0-1"]
[WhiteElo "1865"]
[BlackElo "2213"]
[PlyCount "78"]
[EventDate "2018.02.01"]
[EventType "tourn (corr)"]
[EventRounds "12"]
[EventCountry "GER"]
[SourceTitle "Corr 2022"]
[Source "ChessBase"]
[SourceDate "2021.10.24"]
[SourceVersion "1"]
[SourceVersionDate "2021.10.24"]
[SourceQuality "1"]

1. c4 c5 2. Nc3 g6 3. Nf3 Bg7 4. e3 Nf6 5. d4 0-0 6. d5 d6 7. Bd3 e6 8. h3 a6 9. a4 exd5 10. cxd5 Re8 11. 0-0 Nbd7 12. e4 Ne5 13. Nxe5 Rxe5 14. f4 Re7 15. Qf3 Qe8 16. Bd2 Bd7 17. f5 gxf5 18. exf5 b5 19. axb5 axb5 20. Rxa8 Qxa8 21. Bg5 c4 22. Bc2 b4 23. Bxf6 Bxf6 24. Qg3+ Kh8 25. Qxd6 Bd4+ 26. Kh1 Qe8 27. Qf4 Be5 28. Qxc4 bxc3 29. f6 Bxf6 30. Rxf6 Re1+ 31. Rf1 Rxf1+ 32. Qxf1 cxb2 33. Qf6+ Kg8 34. Qg5+ Kh8 35. Qh4 f5 36. Qd4+ Kg8 37. Qxb2 Qe3 38. Qa1 f4 39. Qf1 h6 0-1

[Event "SA-2017-0-00610"]
[Site "LSS email"]
[Date "2017.11.30"]
[Round "?"]
[White "Johnson, Heinrich"]
[Black "Vodicka, Milan"]
[Result "1/2-1/2"]
[WhiteElo "2191"]
[BlackElo "2160"]
[PlyCount "56"]
[EventDate "2017.11.08"]
[EventType "tourn (corr)"]
[EventRounds "6"]
[EventCountry "GER"]
[SourceTitle "Corr 2022"]
[Source "ChessBase"]
[SourceDate "2021.10.24"]
[SourceVersion "1"]
[SourceVersionDate "2021.10.24"]
[SourceQuality "1"]

1. e4 e5 2. Nf3 Nc6 3. Bb5 a6 4. Ba4 Nf6 5. 0-0 Be7 6. Re1 b5 7. Bb3 d6 8. c3 0-0 9. h3 Nb8 10. d4 Nbd7 11. Nbd2 Bb7 12. Bc2 Re8 13. a4 Bf8 14. Bd3 d5 15. axb5 dxe4 16. Nxe4 Nxe4 17. Bxe4 Bxe4 18. Rxe4 axb5 19. Rxa8 Qxa8 20. Qe2 f6 21. dxe5 fxe5 22. c4 b4 23. Bf4 Bd6 24. c5 Bxc5 25. Qc4+ Kh8 26. Ng5 Re7 27. Be3 Bxe3 28. Rxe3 Qe8 1/2-1/2

[Event "SA-2017-0-00610"]
[Site "LSS email"]
[Date "2017.11.30"]
[Round "?"]
[White "Kubasky, Alojz"]
[Black "Johnson, Heinrich"]
[Result "1/2-1/2"]
[WhiteElo "2177"]
[BlackElo "2191"]
[PlyCount "88"]
[EventDate "2017.11.08"]
[EventType "tourn (corr)"]
[EventRounds "6"]
[EventCountry "GER"]
[SourceTitle "Corr 2022"]
[Source "ChessBase"]
[SourceDate "2021.10.24"]
[SourceVersion "1"]
[SourceVersionDate "2021.10.24"]
[SourceQuality "1"]

1. e4 c5 2. Nf3 d6 3. d4 cxd4 4. Nxd4 Nf6 5. Nc3 a6 6. Be3 e5 7. Nb3 Be7 8. Be2 Be6 9. Qd3 Nbd7 10. Nd5 Bxd5 11. exd5 0-0 12. 0-0 Nc5 13. Nxc5 dxc5 14. c4 e4 15. Qc2 Re8 16. a4 Bd6 17. g3 Nd7 18. Rae1 Qc7 19. Kg2 Rab8 20. b3 g6 21. Bh6 f5 22. Qd2 Ne5 23. Qc3 b6 24. h4 Rb7 25. h5 Qf7 26. Qc1 Qf6 27. hxg6 hxg6 28. Bg5 Qg7 29. Bh6 Qf6 30. Bg5 Qg7 31. Rh1 Nf7 32. Rh2 Be5 33. Be3 a5 34. Qd1 Kf8 35. Reh1 Qf6 36. Qd2 Rd7 37. Qc1 Ke7 38. f3 Kd8 39. fxe4 Bb2 40. Qd2 Bc3 41. Qc1 Rxe4 42. Bf3 Bb2 43. Qd2 Bc3 44. Qc1 Bb2 1/2-1/2

[Event "RA-2017-0-00553"]
[Site "LSS email"]
[Date "2017.11.30"]
[Round "?"]
[White "Muniz Pardino, Alberto"]
[Black "Johnson, Heinrich"]
[Result "1/2-1/2"]
[WhiteElo "2260"]
[BlackElo "2191"]
[PlyCount "53"]
[EventDate "2017.11.05"]
[EventType "tourn (corr)"]
[EventRounds "6"]
[EventCountry "GER"]
[SourceTitle "Corr 2022"]
[Source "ChessBase"]
[SourceDate "2021.10.24"]
[SourceVersion "1"]
[SourceVersionDate "2021.10.24"]
[SourceQuality "1"]

1. e4 c5 2. Nf3 d6 3. Bb5+ Nd7 4. d4 Ngf6 5. Nc3 cxd4 6. Qxd4 e5 7. Qd3 h6 8. a4 a6 9. Bc4 Be7 10. a5 Nc5 11. Qe2 Bg4 12. 0-0 0-0 13. h3 Be6 14. Rd1 Qc8 15. Nd2 Qc6 16. b3 Rad8 17. Ba3 Rfe8 18. Bxc5 Qxc5 19. Nf1 Rc8 20. Ra4 Bxc4 21. bxc4 Bd8 22. Ne3 Bxa5 23. Ncd5 Bd8 24. Rb1 Nxd5 25. cxd5 Bg5 26. Rxb7 Bxe3 27. Qxe3 1/2-1/2

[Event "RA-2017-0-00552"]
[Site "LSS email"]
[Date "2017.11.21"]
[Round "?"]
[White "Sobko, Roman"]
[Black "Johnson, Heinrich"]
[Result "0-1"]
[WhiteElo "2139"]
[BlackElo "2191"]
[PlyCount "48"]
[EventDate "2017.11.01"]
[EventType "tourn (corr)"]
[EventRounds "6"]
[EventCountry "GER"]
[SourceTitle "Corr 2022"]
[Source "ChessBase"]
[SourceDate "2021.10.24"]
[SourceVersion "1"]
[SourceVersionDate "2021.10.24"]
[SourceQuality "1"]

1. e4 c5 2. Nf3 d6 3. d4 cxd4 4. Nxd4 Nf6 5. Nc3 a6 6. Bc4 e6 7. Bb3 Nbd7 8. 0-0 Nc5 9. f4 Nfxe4 10. Nxe4 Nxe4 11. f5 e5 12. Qh5 d5 13. Re1 Bc5 14. Rxe4 Bxd4+ 15. Rxd4 Qb6 16. Be3 exd4 17. Ba4+ Kf8 18. Bf2 Qf6 19. g4 b5 20. Bb3 Bb7 21. Rd1 Qh6 22. Qxh6 gxh6 23. Bxd4 Rg8 24. Bc5+ Ke8 0-1

[Event "RA-2017-0-00552"]
[Site "LSS email"]
[Date "2017.11.21"]
[Round "?"]
[White "Susla, Vitaliy"]
[Black "Johnson, Heinrich"]
[Result "1/2-1/2"]
[WhiteElo "2358"]
[BlackElo "2191"]
[PlyCount "68"]
[EventDate "2017.11.01"]
[EventType "tourn (corr)"]
[EventRounds "6"]
[EventCountry "GER"]
[SourceTitle "Corr 2022"]
[Source "ChessBase"]
[SourceDate "2021.10.24"]
[SourceVersion "1"]
[SourceVersionDate "2021.10.24"]
[SourceQuality "1"]

1. d4 Nf6 2. c4 e6 3. Nf3 b6 4. a3 Bb7 5. Nc3 d5 6. cxd5 Nxd5 7. Bd2 Nd7 8. Qc2 c5 9. e4 N5f6 10. Rd1 cxd4 11. Nxd4 a6 12. Be3 Rc8 13. f3 Qc7 14. Qd2 Be7 15. Be2 0-0 16. 0-0 Rfd8 17. Qe1 Ne5 18. Qf2 Nfd7 19. Rd2 Nc4 20. Bxc4 Qxc4 21. Qg3 Nf8 22. Rc1 Qc7 23. Qxc7 Rxc7 24. Rdc2 Bc5 25. Nce2 Rdc8 26. Bf4 Rd7 27. b4 Bxd4+ 28. Nxd4 Rxc2 29. Nxc2 b5 30. Kf2 f5 31. exf5 exf5 32. Ne3 g6 33. Be5 Kf7 34. h4 Ke6 1/2-1/2

[Event "SA-2017-0-00608"]
[Site "LSS email"]
[Date "2017.11.20"]
[Round "?"]
[White "Cleto, Dirceu Jr"]
[Black "Johnson, Heinrich"]
[Result "0-1"]
[WhiteElo "2252"]
[BlackElo "2191"]
[PlyCount "108"]
[EventDate "2017.10.30"]
[EventType "tourn (corr)"]
[EventRounds "6"]
[EventCountry "GER"]
[SourceTitle "Corr 2022"]
[Source "ChessBase"]
[SourceDate "2021.10.24"]
[SourceVersion "1"]
[SourceVersionDate "2021.10.24"]
[SourceQuality "1"]

1. e4 c5 2. Nf3 d6 3. d4 cxd4 4. Nxd4 Nf6 5. Nc3 a6 6. Bg5 e6 7. f4 h6 8. Bh4 Qb6 9. a3 Be7 10. Bf2 Qc7 11. Qf3 Nc6 12. 0-0-0 Bd7 13. Rg1 b5 14. g4 Rc8 15. Kb1 Rb8 16. h4 h5 17. gxh5 Nxh5 18. f5 Ne5 19. Qe3 Bf6 20. Be2 Nc4 21. Bxc4 bxc4 22. Ka1 Qb7 23. Rb1 e5 24. Nf3 Bd8 25. Qd2 Be7 26. Qe2 Bb5 27. Nh2 Kf8 28. Qf3 Bd8 29. Rgd1 Be7 30. Ng4 Bc6 31. f6 Nxf6 32. Nxf6 Bxf6 33. Rxd6 Be7 34. Re6 Bxh4 35. Rxe5 Bxf2 36. Qxf2 Qb6 37. Qg3 Rb7 38. Rg5 f6 39. Rxg7 Rxg7 40. Qd6+ Kf7 41. Nd5 Qb7 42. Qxf6+ Ke8 43. Rd1 Bxd5 44. exd5 Rf8 45. Qe6+ Re7 46. Qg6+ Kd7 47. Qg4+ Kd8 48. d6 Rd7 49. Qxc4 Qf3 50. Rd3 Qf1+ 51. Ka2 Qf7 52. Rd5 Rb7 53. b3 Rb5 54. Qh4+ Qf6 0-1

[Event "SA-2017-0-00608"]
[Site "LSS email"]
[Date "2017.11.20"]
[Round "?"]
[White "Johnson, Heinrich"]
[Black "Chernov, Igor"]
[Result "1-0"]
[WhiteElo "2191"]
[BlackElo "2169"]
[PlyCount "99"]
[EventDate "2017.10.30"]
[EventType "tourn (corr)"]
[EventRounds "6"]
[EventCountry "GER"]
[SourceTitle "Corr 2022"]
[Source "ChessBase"]
[SourceDate "2021.10.24"]
[SourceVersion "1"]
[SourceVersionDate "2021.10.24"]
[SourceQuality "1"]

1. c4 Nf6 2. Nc3 e6 3. Nf3 d5 4. d4 Be7 5. Bg5 h6 6. Bh4 0-0 7. e3 b6 8. Be2 Bb7 9. Bxf6 Bxf6 10. cxd5 exd5 11. 0-0 Nd7 12. b4 c6 13. Qb3 b5 14. a4 a6 15. Ne1 Nb6 16. Nd3 Be7 17. a5 Nc4 18. Rad1 Re8 19. e4 Qc7 20. Rfe1 Rad8 21. e5 Bc8 22. Nb1 Bf5 23. Nd2 f6 24. Nf3 Rf8 25. Qc3 fxe5 26. dxe5 Rde8 27. Nd4 Bxd3 28. Bxd3 Bxb4 29. Qxb4 c5 30. Nxb5 axb5 31. Qxb5 Nxe5 32. Bb1 Re7 33. h3 Qc6 34. Qb3 c4 35. Qc2 Qc5 36. Qh7+ Kf7 37. Kh1 Ke6 38. f4 Rxf4 39. Qg8+ Kd6 40. a6 d4 41. Qb8+ Rc7 42. Be4 c3 43. Bb7 c2 44. Ra1 d3 45. a7 d2 46. a8Q dxe1Q+ 47. Rxe1 c1Q 48. Qd8+ Rd7 49. Qab8+ Qc7 50. Rxc1 1-0

[Event "SA-2017-0-00608"]
[Site "LSS email"]
[Date "2017.11.20"]
[Round "?"]
[White "Johnson, Heinrich"]
[Black "Rogachev, Vitalij"]
[Result "0-1"]
[WhiteElo "2191"]
[BlackElo "2138"]
[PlyCount "100"]
[EventDate "2017.10.30"]
[EventType "tourn (corr)"]
[EventRounds "6"]
[EventCountry "GER"]
[SourceTitle "Corr 2022"]
[Source "ChessBase"]
[SourceDate "2021.10.24"]
[SourceVersion "1"]
[SourceVersionDate "2021.10.24"]
[SourceQuality "1"]

1. e4 c5 2. Nf3 d6 3. d4 cxd4 4. Nxd4 Nf6 5. Nc3 a6 6. Bg5 e6 7. f4 Qb6 8. Nb3 Be7 9. Qf3 Nbd7 10. 0-0-0 Qc7 11. Bd3 b5 12. a3 Rb8 13. Rhe1 b4 14. axb4 Rxb4 15. Kb1 h6 16. Qh3 Qb8 17. Kc1 e5 18. f5 Bb7 19. g4 Bc6 20. Be3 Qc7 21. Bd2 Nh7 22. Kb1 Rb8 23. Bc4 Nb6 24. Bxa6 0-0 25. Qd3 Ra8 26. Be3 Rfb8 27. Rg1 Qa7 28. Bc4 Bg5 29. Bf2 Nf6 30. Rde1 Qb7 31. Bxb6 Qxb6 32. Qxd6 Rc8 33. Bd3 Nd7 34. f6 Qa7 35. h4 Bd2 36. fxg7 Bb7 37. Bc4 Rxc4 38. Qxd2 Bxe4 39. Rxe4 Qxg1+ 40. Re1 Qxg4 41. Qxh6 Qxh4 42. Qe3 Nf6 43. Qc1 Qf4 44. Re3 Qh2 45. Re1 Rh4 46. Qd1 Qg3 47. Rh1 Re8 48. Re1 Rh2 49. Nc5 Rc8 50. Rf1 Qg6 0-1

[Event "CP-2017-P-00014"]
[Site "LSS email"]
[Date "2017.09.27"]
[Round "?"]
[White "Belanoff, Stuart B"]
[Black "Johnson, Heinrich"]
[Result "1/2-1/2"]
[WhiteElo "2176"]
[BlackElo "2179"]
[PlyCount "39"]
[EventDate "2017.10.01"]
[EventType "tourn (corr)"]
[EventRounds "6"]
[EventCountry "GER"]
[SourceTitle "Corr 2022"]
[Source "ChessBase"]
[SourceDate "2021.10.24"]
[SourceVersion "1"]
[SourceVersionDate "2021.10.24"]
[SourceQuality "1"]

1. d4 Nf6 2. c4 e6 3. g3 d5 4. Nf3 Bb4+ 5. Bd2 Be7 6. Bg2 0-0 7. 0-0 Nbd7 8. Qc2 c6 9. Bf4 b6 10. Rd1 Ba6 11. Ne5 Rc8 12. cxd5 Nxd5 13. Nc3 Nxe5 14. Bxe5 f6 15. Bf4 Nxf4 16. gxf4 f5 17. Qa4 Bb7 18. Qxa7 Qc7 19. Nb5 Qd7 20. Nc3 1/2-1/2

[Event "CP-2017-P-00014"]
[Site "LSS email"]
[Date "2017.09.27"]
[Round "?"]
[White "Johnson, Heinrich"]
[Black "Meissner, Ruediger"]
[Result "1/2-1/2"]
[WhiteElo "2179"]
[BlackElo "2130"]
[PlyCount "30"]
[EventDate "2017.10.01"]
[EventType "tourn (corr)"]
[EventRounds "6"]
[EventCountry "GER"]
[SourceTitle "Corr 2022"]
[Source "ChessBase"]
[SourceDate "2021.10.24"]
[SourceVersion "1"]
[SourceVersionDate "2021.10.24"]
[SourceQuality "1"]

1. e4 c5 2. Nf3 d6 3. d4 cxd4 4. Nxd4 Nf6 5. Nc3 a6 6. Bc4 e6 7. Bb3 Nbd7 8. f4 Nc5 9. Qf3 b5 10. f5 Bd7 11. Bg5 Be7 12. e5 dxe5 13. Nc6 Bxc6 14. Qxc6+ Kf8 15. fxe6 b4 1/2-1/2